Angry Birds Franchise - Statistics

General Stats
  • This quiz has been taken 85 times
    74 since last reset
  • The average score is 20 of 60
Answer Stats
Type Year Name Info % Correct
Video Game 2009 Angry Birds Chillingo / Rovio Entertainment
98%
Film 2016 The Angry Birds Movie Sony
98%
Video Game 2015 Angry Birds 2 Rovio Entertainment
92%
Film 2019 The Angry Birds Movie 2 Sony
92%
Video Game 2012 Angry Birds Star Wars Rovio Entertainment / Activision
83%
Video Game 2011 Angry Birds Rio Rovio Mobile
73%
Video Game 2012 Angry Birds Space Rovio Entertainment
73%
Video Game 2010 Angry Birds Seasons Rovio Mobile
67%
Video Game 2013 Angry Birds Star Wars II Rovio Entertainment
67%
Video Game 2014 Angry Birds Transformers Rovio Entertainment
63%
Video Game 2013 Angry Birds Go! Rovio Entertainment
60%
Video Game 2014 Angry Birds Stella Rovio Entertainment
60%
TV Show 2014-2016 Angry Birds Stella Toons.TV / Disney XD / Pop Max / Pop / Discovery Kids
60%
Video Game 2012 Angry Birds Friends Rovio Mobile
58%
Video Game 2014 Angry Birds Epic Rovio Entertainment
54%
TV Show 2013-2016 Angry Birds Toons Toons.TV / Discovery Kids
54%
Video Game 2012 Bad Piggies Rovio Entertainment
54%
Video Game 2015 Angry Birds POP! Rovio Entertainment
52%
Video Game 2015 Angry Birds Fight! Rovio Entertainment
44%
Video Game 2016 Angry Birds Blast Rovio Entertainment
42%
Video Game 2017 Angry Birds Evolution Rovio Entertainment
42%
Video Game 2019 Angry Birds Dream Blast Rovio Entertainment
33%
Comic Strip 2017-2018 The Angry Birds Movie GoComics
33%
Video Game 2016 Angry Birds Action! Rovio Entertainment
31%
Video Game TBA Bad Piggies 2 Rovio Entertainment
31%
TV Show 2014-2019 Piggy Tales Toons.TV
31%
Video Game 2021 Angry Birds Reloaded Rovio Entertainment
29%
Video Game Compilation 2012 Angry Birds Trilogy Activision
29%
Video Game 2021 Angry Birds Journey Rovio Entertainment
25%
Video Game 2017 Angry Birds Match Rovio Entertainment
25%
Web Series 2018-2020 Angry Birds on the Run YouTube
25%
Web Series 2017 Angry Birds Blues YouTube
23%
Cancelled Video Game 2017 Angry Birds Dice Rovio Entertainment
23%
Web Series 2020-2021 Angry Birds Slingshot Stories YouTube
23%
Cancelled Video Game 2016 Angry Birds Football Rovio Entertainment
21%
Video Game 2019 Angry Birds VR/AR: Isle of Pigs Rovio Entertainment
21%
Cancelled Video Game 2016 Angry Birds Ace Fighter Rovio Entertainment
19%
Video Game 2019 Angry Birds Explore Rovio Entertainment
19%
Cancelled Video Game 2016 Angry Birds Holiday Rovio Entertainment
17%
Cancelled Video Game 2020 Angry Birds Tennis Rovio Entertainment
17%
Cancelled Video Game 2016 Agri Birds Rovio Entertainment
15%
Cancelled Video Game 2017 Angry Birds Islands Rovio Entertainment
13%
Cancelled Video Game 2020 Angry Birds Legends Rovio Entertainment
13%
Web Series 2019 Angry Birds MakerSpace YouTube
13%
Video Game 2019 Angry Birds POP 2 Rovio Entertainment
13%
Web Series 2021 Angry Birds: Summer Madness Netflix
13%
Video Game Compilation 2019 The Angry Birds Movie 2 VR: Under Pressure Sony / Rovio Entertainment
13%
Web Series 2020-2021 Angry Birds Bubble Trouble YouTube
10%
Video Game 2018 Angry Birds Champions Rovio Entertainment
10%
Theme Park Attraction 2012 Angry Birds Activity Park Lightwater Valley
8%
Video Game 2018 Angry Birds for Messenger Rovio Entertainment
8%
Theme Park Attraction 2013 Angry Birds Space Encounter Kennedy Space Center
8%
Book 2011 Bad Piggies: Egg Recipes Rovio
8%
Web Series 2018 Angry Birds BirLd Cup YouTube
6%
Book 2013 Angry Birds: Hatching a Universe Rovio
6%
Cancelled Video Game 2018 Angry Birds Heroes Rovio Entertainment
6%
Video Game TBA Angry Birds Launch It! Rovio Entertainment
6%
Book 2012 Angry Birds Space: A Furious Flight into The Final Frontier National Geographic
6%
TV Show TBA Angry Birds Challenge TBA
4%
Book 2015 Angry Birds Feathered Fun National Geographic
4%
No matching quizzes found
Score Distribution
Percent of People with Each Score
Percentile by Number Answered
Your Score History
You have not taken this quiz since the last reset